| 000 | 00576cam a2200157 i 4500 | ||
|---|---|---|---|
| 020 | _a0356081575 : | ||
| 082 | 0 | 0 |
_a355.43 _bBEA _cL-30-II,P-1 |
| 100 | 1 |
_aBeaufre, André. _937951 |
|
| 245 | 1 | 0 |
_aStrategy for tomorrow / _cAndré Beaufre ; introduction by Richard B. Foster. |
| 260 |
_aLondon : _bMacdonald and Jane's [for the Strategic Studies Center] Stanford Research Institute, _c1974. |
||
| 300 |
_axi, 91 p. : _bill. ; _c24 cm. |
||
| 500 | _aTranslation of Stratégie pour demain. | ||
| 526 |
_a0 _b0 _c0 _d355_430000000000000_BEA |
||
| 650 | 0 | _aStrategy. | |
| 942 |
_2ddc _cBK |
||
| 999 |
_c551635 _d551635 |
||